Oxford advanced learner's dictionary of current English

Gardado en:
Detalles Bibliográficos
Autor Principal: Hornby, A S
Formato: Libro
Idioma:Undetermined
Publicado: Oxford Oxford University Press 2000
Những chủ đề:
Các nhãn: Engadir etiqueta
Sen Etiquetas, Sexa o primeiro en etiquetar este rexistro!
Thư viện lưu trữ: Trung tâm Học liệu Trường Đại học Cần Thơ
LEADER 00563nam a2200205Ia 4500
001 CTU_65454
008 210402s9999 xx 000 0 und d
020 |b 220000 
082 |a 423 
082 |b H814 
100 |a Hornby, A S 
245 0 |a Oxford advanced learner's dictionary of current English 
245 2 |c A S Hornby, Sally Wehmeier 
260 |a Oxford 
260 |b Oxford University Press 
260 |c 2000 
650 |a English language 
650 |x Dictionaries 
904 |i TUYẾN 
980 |a Trung tâm Học liệu Trường Đại học Cần Thơ